Стихотворения. Философская проза: пер. с нем.

Bibliographische Detailangaben
1. Verfasser: Ницше Ф. Фридрих
Sprache:Russisch
Veröffentlicht: СПб., Художественная литература, 1993
Schriftenreihe:Лук и лира
Schlagworte:
Format: MixedMaterials Buch
KOHA link:https://koha.lib.tpu.ru/cgi-bin/koha/opac-detail.pl?biblionumber=82911

MARC

LEADER 00000nam0a2200000 4500
001 82911
005 20231031095919.0
010 |a 5280013862 
035 |a (RuTPU)RU\TPU\book\89104 
090 |a 82911 
100 |a 20051008d1993 m y0rusy50 ca 
101 1 |a rus  |c ger 
102 |a RU 
105 |a y z 000zy 
200 1 |a Стихотворения. Философская проза  |e пер. с нем.  |f Ф. Ницше 
210 |a СПб.  |c Художественная литература  |d 1993 
215 |a 672 с. 
225 1 |a Лук и лира 
610 1 |a немецкая литература 
610 1 |a поэзия 
610 1 |a стихотворения 
610 1 |a философские размышления 
610 1 |a проза 
675 |a 83  |v 3 
700 1 |a Ницше  |b Ф.  |g Фридрих 
801 1 |a RU  |b 63413507  |c 20051008  |g PSBO 
942 |c BK